Dhool Ka Phool (Record no. 18820)
[ view plain ]
| 000 -LEADER | |
|---|---|
| fixed length control field | 02880ngm a2200457 4500 |
| 003 - CONTROL NUMBER IDENTIFIER | |
| control field | dpl |
| 005 - DATE AND TIME OF LATEST TRANSACTION | |
| control field | 20081120112857.0 |
| 007 - PHYSICAL DESCRIPTION FIXED FIELD--GENERAL INFORMATION | |
| fixed length control field | ta |
| 008 - FIXED-LENGTH DATA ELEMENTS--GENERAL INFORMATION | |
| fixed length control field | ||||||sp199 xxu|||||c ||| 00| 0 ng d |
| 010 ## - LIBRARY OF CONGRESS CONTROL NUMBER | |
| LC control number | DVD-001228-1230 & DVD-005614-5618 |
| 024 ## - OTHER STANDARD IDENTIFIER | |
| Standard number or code | DHIF1179S |
| Terms of availability | 45.00 |
| 035 ## - SYSTEM CONTROL NUMBER | |
| System control number | DVD-001228-1230 |
| 035 ## - SYSTEM CONTROL NUMBER | |
| System control number | DVD-005614-5618 |
| 040 ## - CATALOGING SOURCE | |
| Original cataloging agency | DPL |
| Transcribing agency | DPL |
| 082 ## - DEWEY DECIMAL CLASSIFICATION NUMBER | |
| Classification number | DVD / DHOO |
| 245 ## - TITLE STATEMENT | |
| Title | Dhool Ka Phool |
| Statement of responsibility, etc | B. R. Chopra Presents |
| Medium | [videorecording] DVD/ |
| 260 ## - PUBLICATION, DISTRIBUTION, ETC. (IMPRINT) | |
| Name of publisher, distributor, etc | Moserbaer Entertainment |
| 300 ## - PHYSICAL DESCRIPTION | |
| Extent | 1 videodisc DVD; |
| Other physical details | sd., col. ; |
| Dimensions | 4 3/4 in. |
| Type of unit | DVD |
| 440 ## - SERIES STATEMENT/ADDED ENTRY--TITLE | |
| Title | Moserbaer Home Entertainment |
| 500 ## - GENERAL NOTE | |
| General note | Moserbaer India Ltd. has obtained the necessary licence/conssent from the owner of the copyright in the wroks for making this DVD Film. |
| 538 ## - SYSTEM DETAILS NOTE | |
| System details note | Dolby Digital 5.1 - Hindi Subtitles: English |
| 538 ## - SYSTEM DETAILS NOTE | |
| System details note | This DVD can be played back on DVD Players, multimedia systems & PC with MPEG card interactive with version 2.0 players. |
| 650 ## - SUBJECT ADDED ENTRY--TOPICAL TERM | |
| Topical term or geographic name as entry element | Motion Picture |
| 700 ## - ADDED ENTRY--PERSONAL NAME | |
| Personal name | Chopra, Yash |
| 700 ## - ADDED ENTRY--PERSONAL NAME | |
| Personal name | Dutta, N. |
| 700 ## - ADDED ENTRY--PERSONAL NAME | |
| Personal name | Ashok Kumar |
| 700 ## - ADDED ENTRY--PERSONAL NAME | |
| Personal name | Rajendra Kumar |
| 700 ## - ADDED ENTRY--PERSONAL NAME | |
| Personal name | Sinha, Mala |
| 700 ## - ADDED ENTRY--PERSONAL NAME | |
| Personal name | Nanda |
| 942 ## - ADDED ENTRY ELEMENTS (KOHA) | |
| Koha item type | CD-ROMs, DVDs, VHS |
| Source of classification or shelving scheme | Dewey Decimal Classification |
| Classification part | DVD |
| Call number suffix | DHOO |
| Withdrawn status | Lost status | Source of classification or shelving scheme | Damaged status | Not for loan | Home library | Current library | Date acquired | Source of acquisition | Cost, normal purchase price | Total Checkouts | Full call number | Barcode | Date last seen | Date checked out | Copy number | Cost, replacement price | Price effective from | Koha item type |
|---|---|---|---|---|---|---|---|---|---|---|---|---|---|---|---|---|---|---|
| Dewey Decimal Classification | Central Library | Central Library | 20/11/2008 | Purchase | 45.00 | 30 | DVD DHOO | DVD-001228 | 15/07/2014 | 03/07/2014 | 1 | 45.00 | 20/11/2008 | CD-ROMs, DVDs, VHS | ||||
| Dewey Decimal Classification | Janak Puri | Janak Puri | 11/02/2010 | Pioneers/948/17-11-09/325/13-10-09 /30-11-09 | 45.00 | 5 | DVD DHOO | DVD-005614 | 01/05/2013 | 22/04/2013 | 1 | 45.00 | 11/02/2010 | CD-ROMs, DVDs, VHS | ||||
| Dewey Decimal Classification | Karol Bagh | Karol Bagh | 11/02/2010 | Pioneers/948/17-11-09/325/13-10-09 /30-11-09 | 45.00 | 6 | DVD DHOO | DVD-005617 | 12/04/2013 | 30/03/2013 | 1 | 45.00 | 11/02/2010 | CD-ROMs, DVDs, VHS | ||||
| Dewey Decimal Classification | Narela | Narela | 11/02/2010 | Pioneers/948/17-11-09/325/13-10-09 /30-11-09 | 45.00 | 2 | DVD DHOO | DVD-005618 | 16/06/2011 | 12/06/2011 | 1 | 45.00 | 11/02/2010 | CD-ROMs, DVDs, VHS | ||||
| Dewey Decimal Classification | Patel Nagar | Patel Nagar | 20/11/2008 | Purchase | 45.00 | 14 | DVD DHOO | DVD-001230 | 25/05/2015 | 20/05/2015 | 1 | 45.00 | 20/11/2008 | CD-ROMs, DVDs, VHS | ||||
| Dewey Decimal Classification | R.K.Puram-8 | R.K.Puram-8 | 11/02/2010 | Pioneers/948/17-11-09/325/13-10-09 /30-11-09 | 45.00 | 2 | DVD DHOO | DVD-005615 | 20/12/2012 | 17/12/2012 | 1 | 45.00 | 11/02/2010 | CD-ROMs, DVDs, VHS | ||||
| Dewey Decimal Classification | Sarojini Nagar | Sarojini Nagar | 20/11/2008 | Purchase | 45.00 | 11 | DVD DHOO | DVD-001229 | 08/09/2012 | 01/09/2012 | 1 | 45.00 | 20/11/2008 | CD-ROMs, DVDs, VHS | ||||
| Dewey Decimal Classification | Vinoba Puri | Vinoba Puri | 11/02/2010 | Pioneers/948/17-11-09/325/13-10-09 /30-11-09 | 45.00 | 2 | DVD DHOO | DVD-005616 | 04/02/2011 | 28/01/2011 | 1 | 45.00 | 11/02/2010 | CD-ROMs, DVDs, VHS |
